000
00361pam a2200109a 44500
008
230405s1900 xxu||||| |||| 00| 0 eng d
041
_a
MAR
100
_a
माध्यमिक आणि उच्च माध्यमिक मंडळ
245
_a
इंग्रजी 11 वी
260
_a
_b
एस बी चांदेकर
_c
1900
906
_a
6067
999
_c
297410
_d
297410